Impacto local de los inmigrantes haitianos : Un estudio exploratorio de sus asociaciones mediante la teoría de redes, en el CESFAM Confraternidad de San Bernardo, Región Metropolitana, 2017

Desde los años 70', la población inmigrante comienza con un proceso de reducción considerable, debido principalmente a la dictadura cívico militar, la cual impuso trabas sociales e institucionales, que no permitían el ingreso y la aceptación de personas extranjeras al país. Esto se explica en parte...

Full description

Bibliographic Details
Main Author: Urzúa Márquez, Valentina
Other Authors: Vivanco González, Jaime (profesor guía)
Format: Tesis
Language:Spanish
Published: Santiago, Chile : Universidad Academia de Humanismo Cristiano, 2017.
Subjects:
Online Access:Disponible en línea (PDF). Biblioteca Digital UAHC

MARC

LEADER 00000nmm a22000007a 4500
001 000313
003 UAHC_CL
005 20221227160958.0
008 170707s2017 cl o d 000 spa
040 |a UAHC_CL  |c UAHC_CL  |d UAHC_CL 
100 |a Urzúa Márquez, Valentina   |9 2966 
245 1 4 |a Impacto local de los inmigrantes haitianos :  |b Un estudio exploratorio de sus asociaciones mediante la teoría de redes, en el CESFAM Confraternidad de San Bernardo, Región Metropolitana, 2017  |c Valentina Urzúa; profesor guía Jaime Vivanco. 
260 |b Universidad Academia de Humanismo Cristiano,  |c 2017.  |a Santiago, Chile : 
300 |a 88 páginas. 
500 |a Tesis para optar al título de Cientista Político y al grado de Licenciado en Ciencia Política y Relaciones Internacionales. 
502 |a Tesis (Cientista Político) -- Universidad Academia de Humanismo Cristiano, 2017. 
516 |a Tesis electrónica (PDF). Solicitar envío de documento a biblioteca@academia.cl.  
520 |a Desde los años 70', la población inmigrante comienza con un proceso de reducción considerable, debido principalmente a la dictadura cívico militar, la cual impuso trabas sociales e institucionales, que no permitían el ingreso y la aceptación de personas extranjeras al país. Esto se explica en parte por la implantación de la doctrina de seguridad nacional y el decreto de ley N°1094 sobre migraciones, el cual restringe el ingreso y la permanencia de inmigrantes. Durante los años 80' los porcentajes de inmigrantes alcanzaron mínimos históricos, llegando al 0,7% en 1982. 
610 0 |9 3388  |a Centro de Salud Familiar (San Bernardo, Chile) 
650 0 |9 1817  |a Inmigrantes  |x Condiciones sociales 
650 0 |9 3387  |a Inmigrantes  |z Chile  |z San Bernardo (Santiago) 
700 |a Vivanco González, Jaime  |e profesor guía  |9 1097 
856 |u http://bibliotecadigital.academia.cl/xmlui/handle/123456789/4446  |y Disponible en línea (PDF). Biblioteca Digital UAHC 
900 |a TCIPO 52 
942 |c TS  |2 ddc 
952 |0 0  |1 0  |4 0  |6 TCIPO_52_000000000000000  |7 0  |8 COMP  |9 89750  |a BC  |b BC  |c Digital  |d 2018-04-13  |o TCIPO 52  |p 4014  |r 2019-01-02 00:00:00  |w 2018-04-13  |y TS  |z Documento en PDF  |B CSPOL 
999 |c 50535  |d 50535